000 00964nam a22002897a 4500
001 BR9602925
003 BR-BrBNA
005 20230928095229.0
007 ta
008 230509b bl.||||| |||| 00| 0 por d
040 _aBR-BrBNA
_bpor
_cBiblioteca Nacional de Agricultura
041 _a(Por)
072 _aP33; F07
_b0120
090 _ 0120 BR9602925
100 1 _aCastro, O.M. de
110 1 _aEscola Superior de Agricultura Luiz de Queiroz, Piracicaba, SP (Brasil)
_0Tese (Doutor em Agronomia)
245 1 _aComportamento fisico e quimico de um latossolo roxo em funcao do seu preparo na cultura do milho (Zea mays L.)
260 3 _aPiracicaba, SP (Brasil):
_c1995.
300 _a174 p.
500 _a34 tables; Bibliography p. 117-129; Summaries (Eng, Por); 43 graphs
650 _aMilho
650 _aManejo do Solo
650 _aLatossolo Roxo
650 _aPropriedade Fisico-Quimica
909 _a202309
_bLucia
_c55
_dLucia Elande
942 _cBK
999 _c55323
_d55323